|
|
|
|
| LEADER |
01218nam a2200325 a 4500 |
| 001 |
36216 |
| 003 |
BD-DhAAL |
| 005 |
20211129161557.0 |
| 008 |
190924t2005 maua b 001 0 eng d |
| 999 |
|
|
|c 41396
|d 41396
|
| 010 |
|
|
|a 2004043749
|
| 020 |
|
|
|a 0205412599 (alk. paper)
|
| 020 |
|
|
|a 9780205412594
|
| 040 |
|
|
|a DLC
|c DLC
|d DLC
|d BD-DhAAL
|
| 043 |
|
|
|a n-us---
|
| 050 |
0 |
0 |
|a LB2806.15
|b .O45 2005
|
| 082 |
0 |
0 |
|a 375.001
|2 22
|
| 100 |
1 |
|
|a Oliva, Peter F.
|9 35197
|
| 245 |
1 |
0 |
|a Developing the curriculum /
|c Peter F. Oliva.
|
| 250 |
|
|
|a Sixth edition.
|
| 260 |
|
|
|a Boston :
|b Allyn and Bacon,
|c c2005.
|
| 300 |
|
|
|a xv, 606 pages :
|b illustrations ;
|c 25 cm.
|
| 504 |
|
|
|a Includes bibliographical references and indexes.
|
| 526 |
|
|
|a BIED
|
| 541 |
|
|
|a Complimentary copy from BIED
|e 36216
|
| 650 |
|
0 |
|a Curriculum planning
|z United States.
|9 35198
|
| 650 |
|
0 |
|a School supervision
|z United States.
|9 35199
|
| 852 |
|
|
|a Ayesha Abed Library
|c BIED Collection
|
| 942 |
|
|
|2 ddc
|c BK
|
| 952 |
|
|
|0 0
|1 0
|2 ddc
|4 0
|6 375_001000000000000_OLI
|7 0
|9 66494
|a BRACUL
|b BRACUL
|c GEN
|d 2019-09-24
|e Complimentary copy from BIED
|l 2
|m 16
|o 375.001 OLI
|p 3010036216
|r 2026-01-10
|s 2025-12-15
|t 1
|w 2019-09-24
|y BK
|x Transferred from BIED to General Stacks
|